Hand book of service tax law: (Record no. 78992)

MARC details
000 -LEADER
fixed length control field 00549nam a22001817a 4500
005 - DATE AND TIME OF LATEST TRANSACTION
control field 20130902121523.0
010 ## - LCCN (DPL NO)
LC control number ENG-108455
020 ## - INTERNATIONAL STANDARD BOOK NUMBER
Terms of availability 200.00
International Standard Book Number 9788180388842
035 ## - SYSTEM CONTROL NUMBER
System control number EN-91988
037 ## - SOURCE OF ACQUISITION
Source of stock number/acquisition DBAD/PUB
100 ## - MAIN ENTRY--PERSONAL NAME
Personal name Mittal, J.K.
245 ## - TITLE STATEMENT
Title Hand book of service tax law:
Statement of responsibility, etc by J.K.Mittal
Remainder of title as amended by the finance act, 2013 /
250 ## - EDITION STATEMENT
Edition statement 2nd ed
260 ## - PUBLICATION, DISTRIBUTION, ETC. (IMPRINT)
Place of publication, distribution, etc Gurgoan
Name of publisher, distributor, etc Lexis Nexis
Date of publication, distribution, etc 2013
270 ## - ADDRESS
Address 14th floor, Building No 10, Tower-B DLF Cyper City, Phase-II
City Gurgoan
Postal code 122002
300 ## - PHYSICAL DESCRIPTION
Extent 217p.
Dimensions 20cm(Hb)
942 ## - ADDED ENTRY ELEMENTS (KOHA)
Source of classification or shelving scheme Dewey Decimal Classification
Item type English Books
Call number suffix MIT
Holdings
Withdrawn status Lost status Not for loan Collection code Home library Current library Date acquired Source of acquisition Cost, normal purchase price Full call number Barcode Copy number Cost, replacement price Koha item type
    Not For Loan Non-fiction D.B.Act.Division D.B.Act.Division 02/09/2013 DBAD / PUB 200.00 MIT EN-91988 1 200.00 English Books

© Delhi Public Library
Hit Counter
free hit counter